MARC details
| 000 -CABECERA |
| campo de control de longitud fija |
01750pam a2200325 i 4500 |
| 001 - NÚMERO DE CONTROL |
| campo de control |
990226379820107026 |
| 003 - IDENTIFICADOR DEL NÚMERO DE CONTROL |
| campo de control |
UkOxU |
| 005 - FECHA Y HORA DE LA ÚLTIMA TRANSACCIÓN |
| campo de control |
20250915081118.0 |
| 008 - DATOS DE LONGITUD FIJA--INFORMACIÓN GENERAL |
| campo de control de longitud fija |
210109r20212016enka 001|0|eng|d |
| 015 ## - NÚMERO DE BIBLIOGRAFÍA NACIONAL |
| Número de bibliografía nacional |
GBC107912 |
| Fuente |
bnb |
| 016 7# - NÚMERO DE CONTROL DE UNA AGENCIA BIBLIOGRÁFICA NACIONAL |
| Número de control del registro |
020083803 |
| Fuente |
Uk |
| 020 ## - NÚMERO INTERNACIONAL ESTÁNDAR DEL LIBRO |
| Número Internacional Estándar del Libro |
9781786277091 |
| Condiciones de disponibilidad |
Đ14.99 |
| 035 ## - NÚMERO DE CONTROL DEL SISTEMA |
| Número de control de sistema |
(UkOxU)022637982 |
| 035 ## - NÚMERO DE CONTROL DEL SISTEMA |
| Número de control de sistema |
(UkOxU)022637982BIB01 |
| 035 ## - NÚMERO DE CONTROL DEL SISTEMA |
| Número de control de sistema |
(Uk)020083803 |
| 040 ## - FUENTE DE LA CATALOGACIÓN |
| Centro catalogador/agencia de origen |
StDuBDS |
| Lengua de catalogación |
eng |
| Normas de descripción |
rda |
| Centro/agencia transcriptor |
StDuBDS |
| Centro/agencia modificador |
Uk |
| 041 ## - CÓDIGO DE LENGUA |
| Código de lengua del texto/banda sonora o título independiente |
English |
| 042 ## - CÃDIGO DE AUTENTICACIÃN |
| Código de autenticación |
ukblcatcopy |
| 100 ## - ENTRADA PRINCIPAL--NOMBRE DE PERSONA |
| Nombre de persona |
Laverty, Christopher, |
| Término indicativo de función/relación |
author. |
| 9 (RLIN) |
25858 |
| 245 10 - MENCIÓN DE TÍTULO |
| Título |
Fashion in film |
| Mención de responsabilidad, etc. |
/ Christopher Laverty. |
| 264 #1 - PRODUCCIÓN, PUBLICACIÓN, DISTRIBUCIÓN, FABRICACIÓN Y COPYRIGHT |
| Producción, publicación, distribución, fabricación y copyright |
London : |
| Nombre del de productor, editor, distribuidor, fabricante |
Laurence King Publishing, |
| Fecha de producción, publicación, distribución, fabricación o copyright |
2021. |
| 300 ## - DESCRIPCIÓN FÍSICA |
| Extensión |
223 pages : |
| Otras características físicas |
illustrations (black and white, and colour) ; |
| Dimensiones |
22 cm |
| 500 ## - NOTA GENERAL |
| Nota general |
Originally published: 2016. |
| 500 ## - NOTA GENERAL |
| Nota general |
Includes index. |
| 520 ## - SUMARIO, ETC. |
| Sumario, etc. |
A beautiful compendium of famous fashion designers, their gorgeous creations and the film stars that wore them.<br/><br/>Fashion designers have been involved in movies since the early days of cinema. The result is some of the most eye-catching and influential costumes ever committed to film, from Ralph Lauren's trend-setting masculine style for Diane Keaton in Annie Hall to Audrey Hepburn's little black Givenchy dress in Breakfast at Tiffany's.<br/><br/>Fashion in Film celebrates the contributions of fashion designers to cinema, exploring key garments, what they mean in context of the narrative, and why they are so memorable. Illustrated with beautiful film stills, fashion images and working sketches, this book will appeal to lovers of both fashion history and cinema. |
| 650 #0 - PUNTO DE ACCESO ADICIONAL DE MATERIA--TÉRMINO DE MATERIA |
| Término de materia o nombre geográfico como elemento de entrada |
Fashion in motion pictures. |
| 9 (RLIN) |
25859 |
| 650 #0 - PUNTO DE ACCESO ADICIONAL DE MATERIA--TÉRMINO DE MATERIA |
| Término de materia o nombre geográfico como elemento de entrada |
Costume |
| Subdivisión general |
Symbolic aspects. |
| 650 #0 - PUNTO DE ACCESO ADICIONAL DE MATERIA--TÉRMINO DE MATERIA |
| Término de materia o nombre geográfico como elemento de entrada |
Fashion designers |
| 9 (RLIN) |
9245 |
| 942 ## - ELEMENTOS DE ENTRADA AGREGADA (KOHA) |
| Fuente del sistema de clasificación o colocación |
Clasificación de Library of Congress |